000 02761cam a22002415a 4500
003 AR-RoUNCS
005 20260611155929.0
007 ta
008 060523s2001 sp |r 00| 0 spa d
020 _a8474328969
040 _aAR-BaBN
_bspa
_cAR-RoUNCS
041 1 _aspa
_hita
100 1 _aEco, Umberto,
_d1932-2016
_eautor
245 1 0 _aCómo se hace una tesis :
_btécnicas y procedimientos de estudio, investigación y escritura /
_cUmberto Eco.
250 _a1a ed.
260 _aBarcelona :
_bGedisa,
_c2001.
300 _a233 p. ;
_c24 cm.
505 _a1. Qué es una tesis doctoral y para qué sirve -- 2. La elección del tema -- 3. La búsqueda del material -- 4. El plan de trabajo y las fichas -- 5. La redacción -- 6. La redacción definitiva -- 7. Conclusiones.
520 _aAnte la actual situación de masificación de nuestras universidades, Umberto Eco destina este libro sobre todo a los estudiantes con pocos recursos y apoyos, a los que viven lejos de los grandes centros urbanos con sus facilidades institucionales y a los que nadie les ha explicado como se busca un libro o un documento en bibliotecas y archivos. A pesar de desventajas personales, dice Umberto Eco, ´se puede hacer una tesis digna, aun hallándose en una situación difícil, causada por discriminaciones recientes o remotas. Se puede aprovechar la ocasión de la tesis (…) para recuperar el sentido positivo y progresivo del estudio, no entendido como una cosecha de nociones, sino como una elaboración critica de una experiencia, como adquisición de una capacidad buena para la vida futura para localizar los problemas, para afrontarlos con método, para exponerlos siguiendo ciertas técnicas de comunicación´. Los consejos de este libro se dirigen en primer lugar a los estudiantes de disciplinas humanísticas, incluyendo ciencias políticas y derecho. El propósito es ensenar como escoger un tema, organizar el tiempo, llevar a cabo una búsqueda bibliográfica y estructurar el trabajo elaborado. Se trata de un texto que sobrepasa la categoría de una simple instrucción técnica. Umberto Eco sabe motivar, logra transformar las angustias en tensión positiva, de manera que cualquier estudiante comenzara a sentirá inmediatamente confianza en sus posibilidades, con ganas de buscar, seguir pistas y descubrir algo que tal vez nadie había visto antes. Porque esta obra habla también de las propias experiencias de Umberto Eco cuando hizo su tesis sobre Estética medieval. Las referencias a sus tácticas como joven investigador, las advertencias contra los errores y falsas pistas tienen un carácter casi de suspense.
650 7 _aInvestigación
_xMetodología
_2embne
650 7 _aProyectos de investigación
_2embne
942 _2udc
_cOG
_n0
999 _c1049
_d1049